[Event "Bansko Grand Chess Open"]
[Site "Bansko BUL"]
[Date "2010.12.14"]
[Round "3.15"]
[White "Tomov, Georgi"]
[Black "Bozilov, Novica"]
[Result "1-0"]
[WhiteElo "2286"]
[BlackElo "2030"]
[WhiteFideId "2908964"]
[BlackFideId "938556"]
[EventDate "2010.12.13"]

1. Nf3 c5 2. c4 Nc6 3. d4 cxd4 4. Nxd4 g6 5. e4 Bg7 6. Be3 Nf6 7. Nc3 O-O 8. Be2
d6 9. Rc1 Bd7 10. Qd2 a6 11. f3 Rc8 12. O-O Nxd4 13. Bxd4 Bc6 14. b4 Nh5 15.
Bxg7 Nxg7 16. Kh1 b6 17. Qe3 a5 18. a3 axb4 19. axb4 e5 20. Nd5 Rb8 21. f4 Ne6
22. f5 Bxd5 23. cxd5 Qg5 24. Qxg5 Nxg5 25. Bd3 gxf5 26. Rxf5 h6 27. Rf6 Kg7 28.
Rxd6 1-0

[Event "Bansko Grand Chess Open"]
[Site "Bansko BUL"]
[Date "2010.12.14"]
[Round "3.17"]
[White "Ninov, Kiril"]
[Black "Kolev, Atanas Tonchev"]
[Result "0-1"]
[WhiteTitle "IM"]
[WhiteElo "2423"]
[BlackElo "2049"]
[WhiteFideId "2900181"]
[BlackFideId "2901463"]
[EventDate "2010.12.13"]

1. Nf3 Nf6 2. g3 g6 3. c4 Bg7 4. Bg2 d6 5. d4 O-O 6. O-O c5 7. Nc3 Nc6 8. dxc5
dxc5 9. Bf4 Be6 10. Ne5 Qc8 11. Nxc6 bxc6 12. Qa4 Nh5 13. Bg5 Qb7 14. Bxc6 Qxb2
15. Bxa8 Rxa8 16. Nd5 Qxe2 0-1

[Event "Bansko Grand Chess Open"]
[Site "Bansko BUL"]
[Date "2010.12.14"]
[Round "3.18"]
[White "Fazulyanov, Sergey"]
[Black "Bozilov, Dragan"]
[Result "1-0"]
[WhiteTitle "FM"]
[WhiteElo "2365"]
[BlackElo "1915"]
[WhiteFideId "4153383"]
[BlackFideId "906620"]
[EventDate "2010.12.13"]

1. e4 c5 2. Nf3 d6 3. d4 cxd4 4. Nxd4 Nf6 5. Nc3 Nc6 6. Bg5 e6 7. Qd2 a6 8.
O-O-O h6 9. Bf4 d5 10. exd5 Nxd5 11. Nxc6 bxc6 12. Ne4 f5 13. c4 fxe4 14. cxd5
exd5 15. Qc3 Qf6 16. Be5 Qf5 17. Kb1 Qg6 18. f3 a5 19. a3 Ba6 20. fxe4 Qxe4+ 21.
Ka1 Kd7 22. Bxa6 Rxa6 23. Qh3+ Kd8 24. Rhe1 Qg6 25. Qb3 Bb4 26. Re3 Re8 27. Rg3
Qe4 28. Bxg7 h5 29. Rgd3 Bd6 30. Qb7 Qc4 31. Bf6+ Be7 32. Re3 Qc5 33. Rxe7 Rxe7
34. Bxe7+ 1-0

[Event "Bansko Grand Chess Open"]
[Site "Bansko BUL"]
[Date "2010.12.14"]
[Round "3.19"]
[White "Harokopakis, Georgios"]
[Black "Gvetadze, Sopio"]
[Result "0-1"]
[BlackTitle "IM"]
[WhiteElo "1984"]
[BlackElo "2350"]
[WhiteFideId "4215184"]
[BlackFideId "13601440"]
[EventDate "2010.12.13"]

1. e4 Nf6 2. Nc3 d5 3. e5 Nfd7 4. d4 e6 5. f4 c5 6. Nf3 Nc6 7. g3 Qb6 8. Ne2
cxd4 9. Nexd4 Bc5 10. c3 O-O 11. Rb1 Nxd4 12. cxd4 Be7 13. Bd3 Nb8 14. Be3 Bd7
15. O-O Bb5 16. f5 exf5 17. Bxb5 Qxb5 18. Ng5 Qd7 19. Qh5 Bxg5 20. Qxg5 Nc6 21.
Rxf5 h6 22. Qf4 Ne7 23. Rh5 f6 24. Bd2 Ng6 25. Qf5 Qxf5 26. Rxf5 fxe5 27. Rxf8+
Rxf8 28. Rc1 exd4 29. Rc5 Rf5 30. Rc8+ Kh7 31. Rc7 Ne5 32. Bf4 d3 33. Kf2 d4 34.
h3 Ng6 35. Ke1 h5 36. Kd2 h4 37. Rxb7 a5 38. Rb3 Nxf4 39. gxf4 Rxf4 40. Rxd3 g5
41. a3 a4 42. b3 axb3 43. Rxb3 Rf2+ 44. Kc1 Kg6 45. a4 Ra2 46. Rb4 Ra3 47. Rxd4
Rxh3 48. Kb2 Re3 49. Rd6+ Kh5 50. a5 h3 51. a6 Re7 52. Kc3 h2 53. Rd8 Kh4 54.
Kd3 Kg3 55. Rh8 Kg2 0-1

[Event "Bansko Grand Chess Open"]
[Site "Bansko BUL"]
[Date "2010.12.14"]
[Round "3.20"]
[White "Aggelis, Nikolaos"]
[Black "Georgiev, Dimitar"]
[Result "1-0"]
[WhiteTitle "FM"]
[WhiteElo "2337"]
[BlackElo "1873"]
[WhiteFideId "4213220"]
[BlackFideId "2912171"]
[EventDate "2010.12.13"]

1. Nf3 Nf6 2. g3 d5 3. Bg2 Nbd7 4. d4 c5 5. O-O cxd4 6. Nxd4 e5 7. Nb3 Nb6 8.
Nc3 Be6 9. Bg5 Qd7 10. a4 Bh3 11. a5 Bxg2 12. Kxg2 d4 13. axb6 Qc6+ 14. Kg1 dxc3
15. Rxa7 Rd8 16. Qa1 Qxb6 17. Qa4+ Qc6 18. Qxc6+ bxc6 19. bxc3 h6 20. Bxf6 gxf6
21. Rc7 Rd6 22. Ra1 Be7 23. Raa7 Bd8 24. Rxf7 Rf8 25. Nc5 Rg8 26. Kg2 1-0

[Event "Bansko Grand Chess Open"]
[Site "Bansko BUL"]
[Date "2010.12.14"]
[Round "3.21"]
[White "Petrov, Martin"]
[Black "Nikolova, Adriana"]
[Result "0-1"]
[BlackTitle "WIM"]
[WhiteElo "1939"]
[BlackElo "2328"]
[WhiteFideId "2911086"]
[BlackFideId "2908689"]
[EventDate "2010.12.13"]

1. e4 c5 2. Nf3 a6 3. c4 d6 4. d4 Bg4 5. dxc5 Qa5+ 6. Bd2 Qxc5 7. Bd3 Nf6 8. O-O
g6 9. Nc3 Nbd7 10. Be3 Qa5 11. Be2 Bg7 12. Rc1 Rc8 13. b3 O-O 14. h3 Bxf3 15.
Bxf3 b5 16. Be2 b4 17. Nd5 Nxd5 18. exd5 Qxa2 19. Rb1 Nc5 20. Bxc5 Rxc5 21. Bf3
Bf6 22. Re1 Ra8 23. Re2 Qa3 24. Rc2 a5 25. Qe2 a4 26. Ra2 axb3 27. Rxa3 bxa3 28.
Rxb3 a2 29. Rb8+ Rxb8 30. Qxa2 Rb2 31. Qa4 Kg7 32. Qd1 Rxc4 33. g3 Bd4 34. Be2
Rcb4 35. Kg2 Ra2 36. h4 Bf6 37. Kh3 Rd4 38. Qf1 Rdd2 39. Bc4 Rxf2 40. Qd1 Rad2
41. Qb3 Rh2+ 42. Kg4 h5+ 43. Kf4 Rhf2+ 44. Ke3 Bd4+ 45. Ke4 f5# 0-1

[Event "Bansko Grand Chess Open"]
[Site "Bansko BUL"]
[Date "2010.12.14"]
[Round "3.22"]
[White "Velchev, Hristo"]
[Black "Kamenov, Valentin"]
[Result "1-0"]
[WhiteTitle "FM"]
[WhiteElo "2322"]
[BlackElo "1815"]
[WhiteFideId "2906481"]
[BlackFideId "2908255"]
[EventDate "2010.12.13"]

1. e4 d6 2. d4 Nf6 3. Nc3 g6 4. Be3 Bg7 5. f3 O-O 6. Qd2 c6 7. O-O-O b5 8. Bh6
b4 9. Nce2 Qa5 10. Kb1 e5 11. h4 Be6 12. Nc1 Bxh6 13. Qxh6 exd4 14. Nge2 c5 15.
Nf4 Nc6 16. h5 Ne5 17. hxg6 Nxg6 18. g4 Nxf4 19. Qxf4 Qd8 20. Qg5+ Kh8 21. Qh4 1-0

[Event "Bansko Grand Chess Open"]
[Site "Bansko BUL"]
[Date "2010.12.14"]
[Round "3.23"]
[White "Koroglou, Viktor"]
[Black "Galburd, Yan"]
[Result "0-1"]
[WhiteElo "1907"]
[BlackElo "2322"]
[WhiteFideId "4211618"]
[BlackFideId "2808528"]
[EventDate "2010.12.13"]

1. e4 e6 2. d3 d5 3. Nd2 Nf6 4. Ngf3 b6 5. g3 dxe4 6. dxe4 Bc5 7. Bb5+ Bd7 8.
Bd3 Ng4 9. O-O e5 10. Nb3 Bd6 11. h3 Nf6 12. Kg2 Nc6 13. c3 O-O 14. Be3 Qe7 15.
Nh4 Nd8 16. Nd2 Bc6 17. Qc2 Nb7 18. b4 a5 19. a3 Rad8 20. Rfd1 Qd7 21. Nb3 Qe6
22. Nd2 Be7 23. Nf5 Qxf5 24. b5 Qd7 25. bxc6 Qxc6 26. a4 Bc5 27. Bb5 Qe6 28. Nc4
Ra8 29. Bxc5 Nxc5 30. f3 Rad8 31. Ne3 g6 32. Bc4 Qe7 33. Rxd8 Rxd8 34. Rd1 Kf8
35. Bb5 Rd6 36. Nc4 Rxd1 37. Qxd1 Kg7 38. Ne3 Nh5 39. Qd5 Qe6 40. Ng4 Qxd5 41.
exd5 e4 42. Ne3 Nf6 43. g4 exf3+ 44. Kxf3 Nfe4 45. Nd1 Kf6 46. c4 Ke5 47. Ne3 f5
48. gxf5 gxf5 0-1

[Event "Bansko Grand Chess Open"]
[Site "Bansko BUL"]
[Date "2010.12.14"]
[Round "3.24"]
[White "Malikentzos, Sotirios"]
[Black "Atanasova, Elitsa"]
[Result "1-0"]
[WhiteElo "2312"]
[BlackElo "1748"]
[WhiteFideId "4215079"]
[BlackFideId "2913690"]
[EventDate "2010.12.13"]

1. Nf3 Nf6 2. c4 g6 3. d4 d5 4. cxd5 Nxd5 5. g3 Bg7 6. Bg2 Nb6 7. O-O Nc6 8. e3
O-O 9. Nc3 Bg4 10. h3 Be6 11. Re1 Nd5 12. e4 Nxc3 13. bxc3 Bc4 14. Nd2 Ba6 15.
e5 e6 16. Ne4 Bc4 17. Bg5 Ne7 18. Qc1 Bd5 19. Nf6+ Kh8 20. Bxd5 exd5 21. Qf4 h5
22. g4 Qc8 23. Kg2 Ng8 24. gxh5 Qf5 25. Qh4 Bh6 26. Bxh6 Nxh6 27. hxg6 Qxg6+ 28.
Kh2 1-0

[Event "Bansko Grand Chess Open"]
[Site "Bansko BUL"]
[Date "2010.12.14"]
[Round "3.25"]
[White "Krastev, Kalin"]
[Black "Collas, Silvia"]
[Result "0-1"]
[BlackTitle "IM"]
[WhiteElo "1848"]
[BlackElo "2300"]
[WhiteFideId "2903857"]
[BlackFideId "2902265"]
[EventDate "2010.12.13"]

1. e4 e5 2. f4 exf4 3. Nf3 d6 4. Bc4 h6 5. d4 g5 6. h4 g4 7. Ng1 Nf6 8. Nc3 Nh5
9. Nge2 Be7 10. Qd3 Bxh4+ 11. Kd1 Nd7 12. Nxf4 Nxf4 13. Bxf4 Nb6 14. Bb3 c6 15.
Rf1 Be7 16. Bxf7+ Kxf7 17. Be5+ Kg8 18. Bxd6 Qxd6 19. e5 Qe6 20. Ne4 Qg6 21.
Nf6+ Kg7 22. Qb3 Rf8 0-1

[Event "Bansko Grand Chess Open"]
[Site "Bansko BUL"]
[Date "2010.12.14"]
[Round "3.26"]
[White "Petrov, Vladimir Sergeev"]
[Black "Kanakaris, Georgios"]
[Result "0-1"]
[WhiteElo "1778"]
[BlackElo "2285"]
[WhiteFideId "2902940"]
[BlackFideId "4209460"]
[EventDate "2010.12.13"]

1. e4 e6 2. d4 d5 3. Nd2 Nf6 4. e5 Nfd7 5. Bd3 c5 6. c3 Nc6 7. Ne2 cxd4 8. cxd4
f6 9. exf6 Nxf6 10. Nf3 Bd6 11. O-O O-O 12. Bg5 Qc7 13. Rc1 Bd7 14. Bh4 h6 15.
Bg3 Nh5 16. Bxd6 Qxd6 17. Bg6 Nf4 18. Nxf4 Rxf4 19. Qd3 Raf8 20. Rfe1 Qb4 21. a3
Qb6 22. Rcd1 Qd8 23. Rd2 a6 24. Qc2 Rxf3 25. gxf3 Qh4 26. Qd3 Rf4 27. Kh1 Nxd4
28. Re3 Qh3 0-1

[Event "Bansko Grand Chess Open"]
[Site "Bansko BUL"]
[Date "2010.12.14"]
[Round "3.27"]
[White "Videnova, Iva"]
[Black "Stefanov, Emil"]
[Result "1-0"]
[WhiteTitle "WIM"]
[WhiteElo "2269"]
[BlackElo "1695"]
[WhiteFideId "2907763"]
[BlackFideId "2914794"]
[EventDate "2010.12.13"]

1. e4 c6 2. Ne2 d5 3. e5 Bf5 4. Ng3 Bg6 5. h4 h6 6. h5 Bh7 7. e6 fxe6 8. d4 Qb6
9. Bd3 Nf6 10. O-O Nbd7 11. Re1 O-O-O 12. Bxh7 Nxh7 13. Rxe6 Ng5 14. Re1 Re8 15.
f4 Nf7 16. a4 e6 17. a5 Qc7 18. Qd3 Bd6 19. Rf1 Nd8 20. Nc3 Ref8 21. Nce2 Nf6
22. Qg6 Ne8 23. b3 Rf6 24. Qd3 Rg8 25. c4 g6 26. c5 Be7 27. f5 g5 28. a6 b5 29.
cxb6 Qxb6 30. Bd2 Bb4 31. Bxb4 Qxb4 32. Rac1 Nc7 33. Kh1 Rgf8 34. Ra1 Qe7 35.
Qe3 Qd7 36. fxe6 Qxe6 37. Qxe6+ Ndxe6 38. Rfc1 Nd8 39. Ra4 Re8 40. Kh2 Rf2 41.
Nc3 Ref8 42. b4 Rb2 43. Kh1 Rf4 44. Nce2 Rf2 45. Re1 Nb5 46. Kg1 Rf6 47. Rc1 Rd2
48. Ra5 Nxd4 49. Nxd4 Rxd4 50. b5 Kc7 51. bxc6 Rxc6 52. Rxc6+ Nxc6 53. Rb5 Rd1+
54. Kf2 Ra1 55. Rxd5 Rxa6 56. Nf5 Nd8 57. Re5 Rf6 58. Re7+ Kb6 59. g4 Nc6 60.
Rh7 Ne5 61. Kg3 Nf7 62. Rg7 Ne5 63. Rh7 Nf7 64. Rg7 Ne5 65. Re7 Nf7 66. Ne3 Kc5
67. Rxa7 Kd4 68. Nf5+ Ke5 69. Re7+ Kd5 70. Re1 Re6 71. Rd1+ Ke5 72. Rf1 Rf6 73.
Ra1 Nd6 74. Re1+ Ne4+ 75. Kf3 Rxf5+ 76. gxf5 g4+ 77. Kxg4 Kd5 1-0

[Event "Bansko Grand Chess Open"]
[Site "Bansko BUL"]
[Date "2010.12.14"]
[Round "3.28"]
[White "Charpidou, Anna"]
[Black "Kjurkchiiski, Georgi"]
[Result "0-1"]
[WhiteElo "1686"]
[BlackElo "2265"]
[WhiteFideId "4219449"]
[BlackFideId "2901153"]
[EventDate "2010.12.13"]

1. e4 c5 2. c3 d6 3. d4 cxd4 4. cxd4 Nc6 5. d5 Ne5 6. Bb5+ Bd7 7. Bxd7+ Nxd7 8.
Qd4 Ngf6 9. f4 Qb6 10. Qxb6 Nxb6 11. Nc3 Rc8 12. Nf3 g6 13. Rb1 Bg7 14. Be3 Nfd7
15. Bd4 Bxd4 16. Nxd4 Rc4 17. Nb3 a6 18. Na5 Rc7 19. Kd2 O-O 20. Rhe1 Nf6 21.
Kd3 Rfc8 22. Rbc1 Na4 23. Re2 Nc5+ 24. Kd4 Ng4 25. h3 e5+ 26. fxe5 dxe5+ 27. Kc4
b5+ 28. Nxb5 axb5+ 29. Kxb5 Rb8+ 30. Kc4 Nb3+ 31. Nc6 Nxc1 32. Re1 Nxa2 33. hxg4
Nb4 34. Kc5 Nxc6 35. d6 Rcc8 36. d7 Rc7 37. Kd6 Ra7 38. b4 Nd8 0-1

[Event "Bansko Grand Chess Open"]
[Site "Bansko BUL"]
[Date "2010.12.15"]
[Round "4.1"]
[White "Grigorov, Grigor"]
[Black "Savchenko, Boris"]
[Result "0-1"]
[WhiteTitle "IM"]
[BlackTitle "GM"]
[WhiteElo "2479"]
[BlackElo "2632"]
[WhiteFideId "2907313"]
[BlackFideId "4147332"]
[EventDate "2010.12.13"]

1. d4 Nf6 2. c4 e6 3. Nf3 c5 4. d5 exd5 5. cxd5 d6 6. Nc3 g6 7. Bf4 Bg7 8. Qa4+
Bd7 9. Qb3 Qc7 10. e4 O-O 11. Nd2 Nh5 12. Be3 Na6 13. Be2 f5 14. exf5 gxf5 15.
Bxh5 f4 16. O-O fxe3 17. fxe3 Nb4 18. a3 Nd3 19. Be2 Ne5 20. Nce4 h6 21. Ng3 b5
22. Qc2 c4 23. Nb3 Qb7 24. Nd4 Qxd5 25. Ngf5 Bxf5 26. Nxf5 Qe6 27. Rad1 d5 28.
Rf2 Rf7 29. Rdf1 Raf8 30. Kh1 a6 31. Rf4 Ng6 32. R4f2 Ne7 33. Nxe7+ Rxe7 34.
Rxf8+ Bxf8 35. Bf3 Bg7 36. Qd1 Kh7 37. Bxd5 Qxe3 38. b3 c3 39. Qc2+ Kh8 40. Qf5
Qe5 41. Qf3 c2 42. Bf7 Qe4 43. Qf2 Qe2 0-1

[Event "Bansko Grand Chess Open"]
[Site "Bansko BUL"]
[Date "2010.12.15"]
[Round "4.3"]
[White "Nabaty, Tamir"]
[Black "Arnaudov, G. Petar"]
[Result "1-0"]
[WhiteTitle "IM"]
[BlackTitle "IM"]
[WhiteElo "2529"]
[BlackElo "2468"]
[WhiteFideId "2809052"]
[BlackFideId "2907127"]
[EventDate "2010.12.13"]

1. e4 e5 2. Nf3 Nc6 3. d4 exd4 4. Nxd4 Bc5 5. Nb3 Bb6 6. Nc3 d6 7. Bb5 Ne7 8.
Bg5 f6 9. Bh4 O-O 10. O-O a6 11. Be2 Ne5 12. Nd4 d5 13. exd5 Nxd5 14. Nxd5 Qxd5
15. c3 Bd7 16. Nf3 Qxd1 17. Bxd1 Nd3 18. Bb3+ Kh8 19. Rfd1 Nc5 20. Bc2 Bg4 21.
a4 a5 22. Bg3 Rfe8 23. Rd4 Re2 24. Rad1 Rae8 25. Rd8 Bh5 26. Rxe8+ Rxe8 27. b4
Na6 28. Rb1 Bg6 29. Bxg6 hxg6 30. Kf1 axb4 31. cxb4 c6 32. Ne1 Bd4 33. Nc2 Bc3
34. Rb3 Bd2 35. Bd6 Rd8 36. Rd3 Bf4 37. Rh3+ Bh6 38. Bf4 Kh7 39. Bxh6 gxh6 40.
Ke2 Kg7 41. Rd3 Re8+ 42. Re3 Kf7 43. Rxe8 Kxe8 44. Kd3 Kd7 45. Kc4 Kd6 46. Kd4
Nxb4 47. Nxb4 c5+ 48. Kc4 cxb4 49. Kxb4 Kc6 50. Kc4 Kb6 51. Kb4 h5 52. f4 f5 53.
g3 Ka6 54. a5 b6 55. axb6 Kxb6 56. Kc4 Kc6 57. Kd4 Kd6 58. h3 Ke6 59. Kc5 Ke7
60. Kc6 Ke6 61. h4 Ke7 62. Kc7 Kf6 63. Kd6 1-0

[Event "Bansko Grand Chess Open"]
[Site "Bansko BUL"]
[Date "2010.12.15"]
[Round "4.5"]
[White "Spasov, Vasil"]
[Black "Georgiev, Krum"]
[Result "1-0"]
[WhiteTitle "GM"]
[BlackTitle "GM"]
[WhiteElo "2606"]
[BlackElo "2422"]
[WhiteFideId "2900041"]
[BlackFideId "2900092"]
[EventDate "2010.12.13"]

1. e4 c5 2. Nf3 d6 3. d4 cxd4 4. Nxd4 Nf6 5. Nc3 Bd7 6. Bg5 e6 7. f4 a6 8. Qf3
Nc6 9. O-O-O Rc8 10. Bc4 Nxd4 11. Rxd4 b5 12. Bb3 h6 13. Bxf6 gxf6 14. f5 Rc5
15. Rhd1 Re5 16. Kb1 Be7 17. Ne2 exf5 18. Ng3 Qc8 19. Nxf5 Bxf5 20. exf5 Rxf5
21. Rf4 Rxf4 22. Qxf4 h5 23. Qe4 Kf8 24. Qd5 Rh7 25. a3 Kg8 26. Qe4 Bf8 27. Qg6+
Kh8 28. Qxf6+ Rg7 29. Bxf7 1-0

[Event "Bansko Grand Chess Open"]
[Site "Bansko BUL"]
[Date "2010.12.15"]
[Round "4.6"]
[White "Strelnikov, Sergey"]
[Black "Georgiev, Vladimir"]
[Result "0-1"]
[BlackTitle "GM"]
[WhiteElo "2419"]
[BlackElo "2582"]
[WhiteFideId "14113473"]
[BlackFideId "2903024"]
[EventDate "2010.12.13"]

1. c4 e5 2. Nc3 c5 3. g3 Nc6 4. Bg2 g6 5. a3 Bg7 6. b4 d6 7. Rb1 Nge7 8. Nf3 f5
9. O-O e4 10. Ne1 Be6 11. Qb3 cxb4 12. axb4 d5 13. d3 dxc4 14. dxc4 O-O 15. Nc2
Nd4 16. Qa2 Nxc2 17. Qxc2 Qd4 18. Bg5 Qxc4 19. Bxe7 Rf7 20. Bc5 Qxc3 21. Qxc3
Bxc3 22. f3 a5 23. bxa5 Rxa5 24. Bb6 Ra6 25. Bf2 Bd5 26. Rfd1 exf3 27. Bxf3 Bxf3
28. exf3 Ra2 29. Rd8+ Kg7 30. Bd4+ Bxd4+ 31. Rxd4 Rc7 32. g4 fxg4 33. fxg4 Kh6
34. h4 b5 35. h5 Ra4 36. Rd5 Rxg4+ 37. Kf2 Rf7+ 38. Ke3 Rg3+ 39. Ke2 g5 40. Rh1
Re7+ 41. Kf2 Rge3 42. Rxb5 Re2+ 43. Kg1 Re1+ 44. Kg2 R7e2+ 45. Kf3 g4+ 0-1

[Event "Bansko Grand Chess Open"]
[Site "Bansko BUL"]
[Date "2010.12.15"]
[Round "4.8"]
[White "Nikolaidis, Ioannis"]
[Black "Maksimovic, Branimir"]
[Result "1-0"]
[WhiteTitle "GM"]
[BlackTitle "IM"]
[WhiteElo "2552"]
[BlackElo "2421"]
[WhiteFideId "4202139"]
[BlackFideId "901490"]
[EventDate "2010.12.13"]

1. d4 e6 2. Nf3 Nf6 3. c4 b6 4. g3 Ba6 5. Qa4 Bb7 6. Bg2 c5 7. dxc5 Bxc5 8. O-O
O-O 9. Bf4 Be7 10. Rd1 Na6 11. Nc3 Nc5 12. Qc2 Nce4 13. Ne5 Nxc3 14. Bxb7 Nxd1
15. Rxd1 Rc8 16. Qa4 b5 17. cxb5 Nd5 18. Bxc8 Qxc8 19. Rc1 Qe8 20. Qxa7 Nxf4 21.
gxf4 f6 22. Nf3 Qg6+ 23. Kf1 e5 24. Qxd7 e4 25. Qe6+ Kh8 26. Qxe7 Re8 27. Nh4 1-0

[Event "Bansko Grand Chess Open"]
[Site "Bansko BUL"]
[Date "2010.12.15"]
[Round "4.9"]
[White "Kukov, Velislav"]
[Black "Petrov, Marijan"]
[Result "0-1"]
[WhiteTitle "FM"]
[BlackTitle "GM"]
[WhiteElo "2355"]
[BlackElo "2534"]
[WhiteFideId "2906139"]
[BlackFideId "2901773"]
[EventDate "2010.12.13"]

1. d4 g6 2. Nf3 Bg7 3. g3 c5 4. c3 Nf6 5. Bg2 d5 6. O-O O-O 7. Ne5 Qb6 8. b3 Bf5
9. Bb2 Na6 10. a3 Rac8 11. c4 Be4 12. Bxe4 dxe4 13. d5 e6 14. Nc3 Rcd8 15. Qc2
Rfe8 16. d6 Rxd6 17. Nxe4 Nxe4 18. Qxe4 f6 19. Nd3 f5 20. Qf4 Bxb2 21. Nxb2 Rd4
22. Qe3 Qc6 23. Rad1 e5 24. Qc3 Red8 25. e3 Rxd1 26. Rxd1 Rxd1+ 27. Nxd1 Qd6 28.
Nb2 e4 29. Qc2 Nb8 30. Qd1 Qxd1+ 31. Nxd1 Nc6 32. Nb2 Kf7 33. h4 Na5 34. b4 cxb4
35. axb4 Nc6 36. b5 Ne5 37. Kf1 Ke6 38. Ke2 Kd6 39. Kd2 Ng4 40. Nd1 a6 41. bxa6
bxa6 42. Kc3 Kc5 43. Kb3 a5 44. Kc3 a4 45. Nb2 a3 46. Na4+ Kc6 47. Kb3 Nxf2 48.
Kxa3 Ng4 49. Kb3 Nxe3 50. Nc3 Kc5 51. Na4+ Kd4 52. c5 Kd5 53. Kb4 Nc2+ 54. Kb5
Nd4+ 55. Kb6 e3 56. Nc3+ Kc4 57. Ne2 Nxe2 58. c6 Nc3 0-1

[Event "Bansko Grand Chess Open"]
[Site "Bansko BUL"]
[Date "2010.12.15"]
[Round "4.10"]
[White "Ljangov, Petar"]
[Black "Korobkov, Piotr"]
[Result "0-1"]
[WhiteElo "2090"]
[BlackElo "2484"]
[WhiteFideId "2901277"]
[BlackFideId "14112787"]
[EventDate "2010.12.13"]

1. Nf3 f5 2. d4 Nf6 3. g3 g6 4. Bg2 Bg7 5. O-O O-O 6. c4 d6 7. Nc3 Qe8 8. d5 Na6
9. Nd4 Nc5 10. Re1 Qf7 11. Ndb5 Na6 12. Nd4 Nc5 13. Ncb5 e5 14. dxe6 Nxe6 15.
Nxe6 Bxe6 16. Bxb7 Rab8 17. Bg2 Bxc4 18. Nc3 Ne4 19. Qc2 d5 20. f3 Nxc3 21. bxc3
Qf6 22. Bd2 Qb6+ 23. Kh1 Qb2 24. Rac1 Qxa2 25. Qxa2 Bxa2 26. Be3 a5 27. Bd4 a4
28. e4 fxe4 29. fxe4 dxe4 30. Bxe4 Rfe8 31. Bc6 Rxe1+ 32. Rxe1 a3 33. Be4 Bxd4
34. cxd4 Re8 35. Kg1 Bf7 36. Kf2 Kg7 37. Kf3 Bd5 0-1

[Event "Bansko Grand Chess Open"]
[Site "Bansko BUL"]
[Date "2010.12.15"]
[Round "4.11"]
[White "Iskos, Alexandros"]
[Black "Perunovic, Miodrag"]
[Result "0-1"]
[BlackTitle "IM"]
[WhiteElo "2080"]
[BlackElo "2465"]
[WhiteFideId "4208676"]
[BlackFideId "919993"]
[EventDate "2010.12.13"]

1. e4 c5 2. Nf3 d6 3. d4 cxd4 4. Nxd4 Nf6 5. Nc3 Nc6 6. Be3 Ng4 7. Nxc6 bxc6 8.
Qd2 Nxe3 9. Qxe3 Qa5 10. Bc4 e6 11. O-O Be7 12. Ne2 O-O 13. c3 Rb8 14. Rab1 Qc7
15. Kh1 d5 16. Bd3 e5 17. f4 f6 18. fxe5 fxe5 19. Rxf8+ Bxf8 20. Qg3 Bd6 21. Qh4
Qe7 22. Qxe7 Bxe7 23. b4 Be6 24. a4 Rf8 25. b5 cxb5 26. Rxb5 dxe4 27. Bxe4 Rf1+
28. Ng1 Bf6 29. g3 Re1 30. Bd5 Bxd5+ 31. Rxd5 e4 32. Rc5 Rc1 33. Kg2 Rc2+ 34.
Kf1 Rxh2 35. Rc8+ Kf7 36. Ne2 e3 37. Rc7+ Ke6 38. Rc8 Kf5 39. Re8 Bg5 40. Nd4+
Kg4 41. Re4+ Kxg3 0-1

[Event "Bansko Grand Chess Open"]
[Site "Bansko BUL"]
[Date "2010.12.15"]
[Round "4.13"]
[White "Zaslavsky, Mikhail"]
[Black "Videnova, Iva"]
[Result "1-0"]
[WhiteTitle "IM"]
[BlackTitle "WIM"]
[WhiteElo "2424"]
[BlackElo "2269"]
[WhiteFideId "2807670"]
[BlackFideId "2907763"]
[EventDate "2010.12.13"]

1. Nf3 c5 2. g3 g6 3. Bg2 Bg7 4. O-O Nc6 5. c4 d6 6. Nc3 e6 7. e3 Nge7 8. d4 O-O
9. Re1 Rb8 10. Qd2 Nf5 11. d5 Na5 12. Qd3 e5 13. Bd2 b6 14. b3 a6 15. Rab1 Nb7
16. a3 h6 17. b4 Bd7 18. h3 Ne7 19. e4 f5 20. exf5 Nxf5 21. Ne4 Nd4 22. Nxd4
cxd4 23. g4 Rc8 24. Rbc1 Be8 25. g5 Kh7 26. h4 Bd7 27. Ng3 hxg5 28. hxg5 Qe8 29.
Re4 b5 30. Rh4+ Kg8 31. Be4 bxc4 32. Rxc4 Qf7 33. f4 Rxc4 34. Qxc4 Bf5 35. Qd3
Bxe4 36. Qxe4 Re8 37. f5 gxf5 38. Nxf5 Rf8 39. Rf4 exf4 40. Ne7+ Qxe7 41. Qxe7
Nd8 42. g6 d3 43. Kf1 1-0

[Event "Bansko Grand Chess Open"]
[Site "Bansko BUL"]
[Date "2010.12.15"]
[Round "4.14"]
[White "Ashwin, Jayaram"]
[Black "Zygouris, Hristos"]
[Result "1-0"]
[WhiteTitle "IM"]
[WhiteElo "2420"]
[BlackElo "2225"]
[WhiteFideId "5018137"]
[BlackFideId "4200292"]
[EventDate "2010.12.13"]

1. e4 e6 2. d4 d5 3. Nc3 dxe4 4. Nxe4 Nd7 5. Nf3 Ngf6 6. Bg5 h6 7. Nxf6+ Nxf6 8.
Be3 Nd5 9. Bd3 Nxe3 10. fxe3 Bd6 11. Qe2 c5 12. Bb5+ Ke7 13. O-O Qc7 14. Qf2 f6
15. Qh4 a6 16. Qg4 Kf8 17. Bd3 h5 18. Qh3 Rh6 19. Ng5 Ke7 20. Ne4 Bd7 21. Rad1
Rf8 22. c3 g5 23. Bc2 cxd4 24. Nxd6 Qxd6 25. exd4 Kd8 26. Qe3 h4 27. h3 Rhh8 28.
c4 Rhg8 29. d5 Kc7 30. c5 Qe5 31. d6+ Kb8 32. Qxe5 fxe5 33. Rxf8+ Rxf8 34. Re1
Rf4 35. Rxe5 g4 36. Rg5 Bb5 37. Rxg4 Rf1+ 38. Kh2 Rf2 39. Bb3 Ka7 40. Rg7 1-0

[Event "Bansko Grand Chess Open"]
[Site "Bansko BUL"]
[Date "2010.12.15"]
[Round "4.15"]
[White "Gochev, Mladen"]
[Black "Collas, Didier"]
[Result "1-0"]
[BlackTitle "IM"]
[WhiteElo "2261"]
[BlackElo "2420"]
[WhiteFideId "2900718"]
[BlackFideId "602680"]
[EventDate "2010.12.13"]

1. e4 e6 2. d3 d5 3. Nd2 Nf6 4. Ngf3 Nc6 5. c3 a5 6. e5 Nd7 7. d4 b6 8. a4 Ne7
9. Be2 Ba6 10. Bxa6 Rxa6 11. Nf1 c5 12. Ng3 g6 13. h4 h6 14. h5 g5 15. Nh2 f5
16. exf6 Nxf6 17. Ng4 Nxg4 18. Qxg4 Qd7 19. O-O cxd4 20. Qxd4 Rg8 21. Be3 Qc6
22. Qd3 Ra7 23. Bd4 Bg7 24. Rfe1 Qd6 25. Qe3 Bxd4 26. Qxd4 Rf8 27. Re2 Ng8 28.
Rae1 Re7 29. Re5 Kd7 30. Qd3 Rff7 31. Qb5+ Kc7 32. b4 axb4 33. cxb4 Rf4 34. Qa6
Kb8 35. Rc1 Rc7 36. Rxc7 Kxc7 37. Qa7+ Kd8 38. Re2 Ne7 39. b5 Rc4 40. a5 Rc1+
41. Nf1 bxa5 42. Qxa5+ Ke8 43. Qd2 Rc4 44. Qd3 Kd7 45. Ra2 Qb6 46. Ne3 Rc5 47.
Rb2 e5 48. Qh7 Qe6 49. b6 Rc8 50. Qd3 e4 51. Qd4 Rb8 52. Rb5 1-0